Загрузка...
Adayath Kavadangal
| Главный автор: | |
|---|---|
| Формат: | Printed Book |
| Язык: | Malayalam |
| Опубликовано: |
Sreeramavilasam Press & Book Depo, Kollam
Sreeramavilasam Press & Book Depo, Kollam
1966
|
| LEADER | 00508nam a2200121Ia 4500 | ||
|---|---|---|---|
| 008 | 111205s9999 xx 000 0 mal d | ||
| 100 | |a Thirunynar Kurichi | ||
| 245 | |a Adayath Kavadangal |c Thirunynar Kurichi | ||
| 260 | |b Sreeramavilasam Press & Book Depo, Kollam |a Sreeramavilasam Press & Book Depo, Kollam |c 1966 | ||
| 300 | |a 100 | ||
| 942 | |c BK | ||
| 999 | |c 222449 |d 222449 | ||
| 952 | |0 0 |1 0 |2 ddc |4 0 |6 855_000000000000000_1T1_ADA |7 0 |9 245625 |a MAL |b MAL |c ST1 |d 1972-09-27 |g 1.00 |l 0 |o 855.1T1 ADA |p MAL18505 |r 2011-12-05 |v 1.00 |w 2011-12-05 |y BK | ||